[Event "Moscow ol (Men)"]
[Site "Moscow"]
[Date "1994.??.??"]
[Round "11"]
[White "Shirov, Alexei"]
[Black "Jussupow, Artur"]
[Result "1/2-1/2"]
[WhiteElo "2740"]
[BlackElo "2655"]
[PlyCount "55"]
[EventDate "1994.11.??"]
[Source "ChessBase"]

1. e4 e6 2. d4 d5 3. Nc3 Bb4 4. e5 Ne7 5. a3 Bxc3+ 6. bxc3 c5 7. Nf3 b6 8. Bb5+ Bd7 9. Bd3 c4 10. Bf1 Ba4 11. h4 h6 12. h5 Kd7 13. Bf4 Qg8 14. g3 Qh7 15. Rc1 Nbc6 16. Bg2 a5 17. Nh2 b5 18. Qd2 Nf5 19. O-O Nfe7 20. Ng4 Rag8 21. Bf3 Kc8 22. Kg2 Kb7 23. Rfe1 Rd8 24. Re2 Ka6 25. Rh1 Nc8 26. Ne3 Nb6 27. Ree1 Qg8 28. Ng4 1/2-1/2

[Event "Horgen"]
[Site "?"]
[Date "1995.??.??"]
[Round "?"]
[White "Short, N."]
[Black "Ivanchuk, V."]
[Result "1-0"]
[WhiteElo "2645"]
[BlackElo "2740"]
[PlyCount "105"]
[EventDate "1995.??.??"]
[Source "ChessBase"]
[SourceDate "1995.10.01"]

1. e4 e6 2. d4 d5 3. Nc3 Bb4 4. e5 Ne7 5. a3 Bxc3+ 6. bxc3 c5 7. Nf3 Qc7 8. h4 Bd7 9. h5 h6 10. Bd3 Ba4 11. dxc5 Nd7 12. Rh4 Qa5 13. Be3 Rc8 14. Rb1 Bc6 15. Qd2 Qxa3 16. Rg4 Kf8 17. Rbb4 Nf5 18. Bxf5 exf5 19. Rgf4 Qa1+ 20. Qd1 Qxd1+ 21. Kxd1 Re8 22. Rxf5 Kg8 23. Rg4 Re7 24. Rg3 Kh7 25. Bd4 Rhe8 26. Rf4 Nf8 27. Rfg4 g5 28. hxg6+ Nxg6 29. Rh3 Bd7 30. Ng5+ Kg8 31. e6 Bxe6 32. Nxe6 Rxe6 33. Rxh6 Re1+ 34. Kd2 R8e2+ 35. Kd3 Kf8 36. Rh5 Re4 37. Rxe4 dxe4+ 38. Kd2 Rb1 39. c6 bxc6 40. Bxa7 Ke7 41. Bd4 Rb5 42. Rxb5 cxb5 43. c4 bxc4 44. Kc3 Nf4 45. g3 Ne6 46. Kxc4 Kd6 47. Bf6 Kc6 48. g4 Kd6 49. c3 Kc6 50. Be5 Nc5 51. Kd4 Nd3 52. Bg3 Nc5 53. Bf4 1-0

[Event "Najdorf mem 11th"]
[Site "Buenos Aires"]
[Date "2000.09.18"]
[Round "1"]
[White "Milos, Gilberto"]
[Black "Short, Nigel D"]
[Result "0-1"]
[WhiteElo "2633"]
[BlackElo "2677"]
[PlyCount "56"]
[EventDate "2000.09.18"]
[Source "ChessBase"]
[SourceDate "2001.01.25"]

1. e4 e6 2. d4 d5 3. Nc3 Bb4 4. e5 c5 5. a3 Bxc3+ 6. bxc3 Qc7 7. Nf3 Ne7 8. h4 b6 9. h5 h6 10. Bb5+ Bd7 11. Bd3 Nbc6 12. Kf1 Na5 13. Rh4 O-O-O 14. dxc5 bxc5 15. Kg1 Kb8 16. Rg4 Rdg8 17. Qe1 Ka8 18. Bd2 c4 19. Be2 Nac6 20. Bf4 g5 21. Bh2 Nf5 22. Rd1 Rb8 23. Qd2 Rb7 24. Nd4 Ncxd4 25. cxd4 Ba4 26. f4 Rb2 27. Rc1 c3 28. Qd3 Rxc2 0-1

[Event "Las Palmas"]
[Site "?"]
[Date "1993.??.??"]
[Round "?"]
[White "Georgiev, Ki"]
[Black "Yusupov, A."]
[Result "0-1"]
[WhiteElo "2660"]
[BlackElo "2645"]
[PlyCount "96"]
[EventDate "1993.??.??"]
[Source "ChessBase"]
[SourceDate "1993.06.01"]

1. e4 e6 2. d4 d5 3. Nc3 Bb4 4. e5 Ne7 5. a3 Bxc3+ 6. bxc3 c5 7. Nf3 b6 8. Bb5+ Bd7 9. Bd3 Ba4 10. h4 h6 11. h5 c4 12. Be2 Kd7 13. Nh4 Qg8 14. Bg4 Qh7 15. Ra2 Na6 16. Rh3 Nc7 17. Kf1 Raf8 18. Kg1 g5 19. Nf3 Nc6 20. Nh2 f5 21. exf6 Rxf6 22. Re3 Rhf8 23. f3 Qf7 24. Bd2 Ne8 25. Bh3 Qxh5 26. Ng4 Rf5 27. Nf2 Qg6 28. Bxf5 exf5 29. Re2 Nf6 30. Qe1 Nh5 31. Ra1 Ng3 32. Re5 Qd6 33. Nh1 Nxh1 34. Kxh1 Nxe5 35. dxe5 Qe6 36. Be3 Qxe5 37. Qd2 Re8 38. Bf2 f4 39. Rd1 Kd6 40. Re1 Qf5 41. Rxe8 Bxe8 42. Bd4 Ba4 43. Qe1 Kd7 44. Qb1 h5 45. Qb4 Bc6 46. Qb1 g4 47. fxg4 hxg4 48. Qe1 Ba4 0-1

[Event "Riga (m3)"]
[Site "?"]
[Date "1986.??.??"]
[Round "?"]
[White "Sokolov, A."]
[Black "Yusupov, A."]
[Result "0-1"]
[WhiteElo "2620"]
[BlackElo "2660"]
[PlyCount "80"]
[EventDate "1986.??.??"]
[Source "ChessBase"]
[SourceDate "1986.07.01"]

1. e4 e6 2. d4 d5 3. Nc3 Bb4 4. e5 Ne7 5. a3 Bxc3+ 6. bxc3 c5 7. Nf3 b6 8. a4 Ba6 9. Bxa6 Nxa6 10. O-O Nb8 11. dxc5 bxc5 12. c4 O-O 13. cxd5 Nxd5 14. Qd3 h6 15. c4 Ne7 16. Qe4 Nd7 17. Rb1 Qa5 18. Rd1 Rad8 19. Qc2 Nxe5 20. Nxe5 Qc3 21. Qe2 Qxe5 22. Be3 Nf5 23. Qf3 Rxd1+ 24. Rxd1 Nd4 25. Bxd4 cxd4 26. Qd3 Rd8 27. g3 Qc5 28. f4 Qb4 29. Ra1 a5 30. h4 h5 31. Rb1 Qxa4 32. Rb5 g6 33. Kf2 Qa2+ 34. Kf3 a4 35. Rb6 Kg7 36. Rb1 Kg8 37. Rb6 Qa1 38. Ke2 a3 39. Ra6 Qb2+ 40. Qd2 d3+ 0-1

[Event "Riga (m13)"]
[Site "?"]
[Date "1986.??.??"]
[Round "?"]
[White "Sokolov, A."]
[Black "Yusupov, A."]
[Result "1-0"]
[WhiteElo "2620"]
[BlackElo "2660"]
[PlyCount "137"]
[EventDate "1986.??.??"]
[Source "ChessBase"]
[SourceDate "1986.07.01"]

1. e4 e6 2. d4 d5 3. Nc3 Bb4 4. e5 Ne7 5. a3 Bxc3+ 6. bxc3 c5 7. Nf3 b6 8. Ng5 h6 9. Qh5 g6 10. Qh3 Qc7 11. a4 Kf8 12. Kd1 cxd4 13. cxd4 Nbc6 14. Nf3 Nb4 15. Ne1 Bd7 16. Ba3 a5 17. c3 Na6 18. Bd6 Qd8 19. Bd3 Nc7 20. Kd2 Ne8 21. Ba3 Kg7 22. Nc2 Nf5 23. Bb2 Qg5+ 24. Ke2 h5 25. Ne3 Nc7 26. Rhb1 Rab8 27. Bc1 Qd8 28. Qf3 b5 29. Nxf5+ exf5 30. axb5 Nxb5 31. Bd2 Bc6 32. Kf1 a4 33. e6 Nd6 34. Rxb8 Qxb8 35. Bf4 Qd8 36. c4 Ne4 37. exf7 Kxf7 38. Qe3 dxc4 39. Bxc4+ Bd5 40. Rxa4 Re8 41. Ra7+ Kg8 42. Qb3 Nf6 43. Be5 Bxc4+ 44. Qxc4+ Qd5 45. Qxd5+ Nxd5 46. Rg7+ Kf8 47. Rxg6 Ra8 48. g3 Ra1+ 49. Kg2 Ra2 50. Rg5 Ke7 51. Rxh5 Ke6 52. Rh6+ Ke7 53. Rh5 Ke6 54. Rh6+ Ke7 55. h3 Ne3+ 56. Kf3 Nd1 57. Kf4 Rxf2+ 58. Kg5 Nc3 59. Ra6 Ne4+ 60. Kg6 Nxg3 61. Bxg3 Rg2 62. Kxf5 Rxg3 63. h4 Rh3 64. Rh6 Re3 65. h5 Re1 66. Rh8 Kf7 67. h6 Ra1 68. Ke5 Ra6 69. d5 1-0

[Event "Bartis Memorial A 9198"]
[Site "?"]
[Date "1997.??.??"]
[Round "?"]
[White "Morgado Juan Sebastian"]
[Black "Khasin Abram Yosifovich"]
[Result "0-1"]
[WhiteElo "2615"]
[BlackElo "2650"]
[PlyCount "132"]
[EventDate "1997.??.??"]
[Source "www.chesslib.no"]
[SourceDate "2004.05.04"]

1. e4 e6 2. d4 d5 3. Nc3 Bb4 4. e5 Ne7 5. a3 Bxc3+ 6. bxc3 c5 7. Nf3 Qa5 8. Bd2 Nbc6 9. Be2 Bd7 10. O-O Qc7 11. Re1 f6 12. exf6 gxf6 13. dxc5 e5 14. c4 dxc4 15. Bxc4 O-O-O 16. h3 Ng6 17. Qe2 Rhe8 18. Reb1 e4 19. Ne1 Nd4 20. Qe3 Bc6 21. Rb4 Ne5 22. Bd5 Ndf3+ 23. Nxf3 Nxf3+ 24. gxf3 Rxd5 25. fxe4 Rg5+ 26. Kf1 Qh2 27. Ke2 Bxe4 28. Qf4 Qxh3 29. Be3 Qh5+ 30. Kd2 Rf5 31. Qg3 Rf3 32. Qd6 Rd8 33. Rxe4 Rxd6+ 34. cxd6 Qa5+ 35. Ke2 Rf5 36. Rd1 Rd5 37. Rxd5 Qxd5 38. Rf4 Qe6 39. Kf3 b6 40. Rd4 Kd7 41. Bf4 b5 42. Bg3 Qf5+ 43. Kg2 Qxc2 44. Rg4 Qc5 45. Rg7+ Ke8 46. Re7+ Kd8 47. Rxh7 Qxa3 48. Rh8+ Kd7 49. Rh7+ Ke6 50. Re7+ Kf5 51. Rf7 b4 52. Kh2 b3 53. d7 Qa5 54. Rf8 b2 55. Rb8 Qd2 56. d8=Q Qxd8 57. Rxd8 b1=Q 58. Rd5+ Kg6 59. Rd6 a5 60. Bh4 Qb8 61. Bg3 Qb4 62. Rd3 Qb5 63. Rc3 Qh5+ 64. Kg1 Qg4 65. Kh2 a4 66. Rd3 Qc4 0-1

[Event "GM"]
[Site "Biel SUI"]
[Date "2006.07.26"]
[Round "3"]
[White "Bruzon, L."]
[Black "Pelletier, Y."]
[Result "1/2-1/2"]
[WhiteElo "2667"]
[BlackElo "2583"]
[PlyCount "35"]
[EventDate "2006.??.??"]
[Source "www.chesslib.no"]
[SourceDate "2004.05.04"]

1. e4 e6 2. d4 d5 3. Nc3 Bb4 4. e5 Ne7 5. a3 Bxc3+ 6. bxc3 c5 7. Nf3 Bd7 8. dxc5 Ng6 9. Bd3 Nc6 10. O-O Ngxe5 11. Nxe5 Nxe5 12. Bf4 Qf6 13. Qd2 Nxd3 14. cxd3 d4 15. cxd4 Qxd4 16. Bd6 f6 17. Qe2 Qd5 18. Rfe1 1/2-1/2

[Event "Linares"]
[Site "?"]
[Date "1988.??.??"]
[Round "?"]
[White "Nunn, J."]
[Black "Yusupov, A."]
[Result "0-1"]
[WhiteElo "2615"]
[BlackElo "2620"]
[PlyCount "152"]
[EventDate "1988.??.??"]
[Source "ChessBase"]
[SourceDate "1988.01.01"]

1. e4 e6 2. d4 d5 3. Nc3 Bb4 4. e5 Ne7 5. a3 Bxc3+ 6. bxc3 c5 7. Nf3 Qc7 8. a4 b6 9. Bb5+ Bd7 10. Bd3 Nbc6 11. O-O h6 12. Re1 O-O 13. Ba3 Na5 14. dxc5 bxc5 15. Nd2 Bxa4 16. Bxc5 Qxc5 17. Rxa4 Qxc3 18. Re3 Kh8 19. g4 Nac6 20. Nf3 Rab8 21. Bc4 Qb2 22. Bb3 Ng6 23. Ra2 Rxb3 24. Rxb2 Rxb2 25. Qc1 Rb4 26. h3 Rfb8 27. Kh2 a5 28. Kg3 Rc4 29. c3 a4 30. Nd2 Ncxe5 31. Qa1 Rc7 32. Qxa4 Rbc8 33. Qa5 Nc4 34. Nxc4 Rxc4 35. h4 Nf4 36. g5 h5 37. Rf3 e5 38. Qa7 Rxc3 39. Rxc3 Rxc3+ 40. Kh2 Rh3+ 41. Kg1 Rxh4 42. Qb8+ Kh7 43. Qxe5 Kg6 44. Qd6+ Ne6 45. Qxd5 Rg4+ 46. Kh2 Rxg5 47. Qe4+ Rf5 48. Qd3 Ng5 49. Kg3 Nf3 50. Qe4 Ne5 51. Qc2 Ng4 52. f3 Ne5 53. f4 Ng4 54. Qd3 Nh6 55. Qd6+ Kh7 56. Qd3 g6 57. Qd7 Ng4 58. Qa7 Kg7 59. Qd4+ Nf6 60. Qb2 Kh7 61. Qb7 Nd5 62. Qa7 Nxf4 63. Qd7 Ne6 64. Qb7 Rf4 65. Qb5 h4+ 66. Kh3 g5 67. Qb7 Nf8 68. Qd5 Kh6 69. Qd6+ Ng6 70. Qd2 g4+ 71. Kg2 Kh5 72. Qd5+ f5 73. Qd7 h3+ 74. Kg1 g3 75. Qh7+ Kg5 76. Qxh3 Nh4 0-1

[Event "Calviá ol (Men)"]
[Site "Mallorca"]
[Date "2004.10.28"]
[Round "13.9"]
[White "Zhang Zhong"]
[Black "Berkes, Ferenc"]
[Result "1/2-1/2"]
[WhiteElo "2596"]
[BlackElo "2630"]
[PlyCount "124"]
[EventDate "2004.10.15"]
[Source "Roberto Alvarez"]
[SourceDate "2004.10.25"]

1. e4 e6 2. d4 d5 3. Nc3 Bb4 4. e5 Ne7 5. a3 Bxc3+ 6. bxc3 c5 7. a4 Nbc6 8. Nf3 Qa5 9. Bd2 Bd7 10. Bb5 a6 11. Be2 f6 12. c4 Qc7 13. cxd5 Nxd5 14. c4 Nde7 15. exf6 gxf6 16. dxc5 O-O-O 17. Bc3 e5 18. Qd6 Nf5 19. Qxc7+ Kxc7 20. O-O-O Rhg8 21. g3 a5 22. Kb2 Nb4 23. Rhg1 Bxa4 24. Rxd8 Rxd8 25. g4 Nd4 26. Nxd4 exd4 27. Bxb4 axb4 28. Bd3 Re8 29. h3 h6 30. Ra1 Bd7 31. Kb3 f5 32. gxf5 Rf8 33. Rd1 Bxf5 34. Bxf5 Rxf5 35. Rxd4 Rf3+ 36. Kxb4 Rxh3 37. Rf4 Rd3 38. Rf6 h5 39. c6 Rd6 40. Rxd6 Kxd6 41. cxb7 Kc7 42. f4 h4 43. f5 h3 44. f6 h2 45. f7 h1=Q 46. b8=Q+ Kxb8 47. f8=Q+ Kc7 48. Qe7+ Kc6 49. Qf6+ Kb7 50. Qg7+ Kb6 51. c5+ Kc6 52. Qf6+ Kc7 53. Qe5+ Kc8 54. Qf5+ Kc7 55. Qf7+ Kc8 56. Qf8+ Kc7 57. Qd6+ Kc8 58. Qd3 Qb7+ 59. Kc3 Qg7+ 60. Kc4 Qf7+ 61. Kc3 Qg7+ 62. Kc2 Qg2+ 1/2-1/2

[Event "RUS-chT 9th"]
[Site "Ekaterinburg"]
[Date "2002.05.17"]
[Round "1"]
[White "Kobalija, Mihail"]
[Black "Baklan, Vladimir"]
[Result "1/2-1/2"]
[WhiteElo "2602"]
[BlackElo "2618"]
[PlyCount "23"]
[EventDate "2002.05.17"]
[Source "ChessBase"]
[SourceDate "2002.09.20"]

1. e4 e6 2. d4 d5 3. Nc3 Bb4 4. e5 Ne7 5. a3 Bxc3+ 6. bxc3 c5 7. Nf3 Qc7 8. Bd2 b6 9. a4 Ba6 10. Bxa6 Nxa6 11. O-O O-O 12. Qe2 1/2-1/2

[Event "Deutschland"]
[Site "?"]
[Date "1994.??.??"]
[Round "?"]
[White "Bologan, V."]
[Black "Hertneck, G."]
[Result "1-0"]
[WhiteElo "2585"]
[BlackElo "2625"]
[PlyCount "109"]
[EventDate "1994.??.??"]
[Source "ChessBase"]
[SourceDate "1993.10.01"]

1. e4 e6 2. d4 d5 3. Nc3 Bb4 4. e5 Ne7 5. a3 Bxc3+ 6. bxc3 c5 7. Nf3 b6 8. Bb5+ Bd7 9. Bd3 h6 10. h4 Qc7 11. h5 Ba4 12. Bf4 Nd7 13. Qd2 O-O-O 14. O-O Kb7 15. Nh2 Rc8 16. Ng4 cxd4 17. cxd4 Qc3 18. Qxc3 Rxc3 19. Bd2 Rc7 20. Rac1 Nc6 21. Be3 Rhc8 22. c4 dxc4 23. Be4 Ka6 24. f4 Ne7 25. f5 exf5 26. Bxf5 Bc6 27. Bc2 Bd5 28. Bf4 Rb7 29. Ne3 Nf8 30. Bg3 Rd7 31. Bh4 Nc6 32. Bf5 Ne6 33. Nxd5 Rxd5 34. Rxc4 Rxd4 35. Rxd4 Ncxd4 36. Bd3+ b5 37. a4 Rc3 38. axb5+ Kb6 39. Bh7 Kxb5 40. Rxf7 a5 41. Bf2 a4 42. Rb7+ Kc4 43. Bg8 Kd3 44. Rd7 Ke4 45. Bxd4 Nxd4 46. e6 Nxe6 47. Bxe6 Rc5 48. Ra7 Rxh5 49. Rxa4+ Ke3 50. Rg4 Re5 51. Rg6 Re4 52. Bf7 Re7 53. Rxg7 Kf4 54. Kh2 Ke5 55. Rh7 1-0

[Event "Amsterdam"]
[Site "?"]
[Date "1988.??.??"]
[Round "?"]
[White "Nunn, J."]
[Black "Nikolic, Pr"]
[Result "1/2-1/2"]
[WhiteElo "2620"]
[BlackElo "2585"]
[PlyCount "106"]
[EventDate "1988.??.??"]
[Source "ChessBase"]
[SourceDate "1988.07.01"]

1. e4 e6 2. d4 d5 3. Nc3 Bb4 4. e5 c5 5. a3 Bxc3+ 6. bxc3 Qc7 7. Nf3 Ne7 8. a4 b6 9. Bb5+ Bd7 10. Bd3 Nbc6 11. O-O h6 12. Re1 O-O 13. Bf4 Ng6 14. Bg3 cxd4 15. Nxd4 Na5 16. Re3 Nc4 17. Bxc4 Qxc4 18. h4 Bxa4 19. h5 Ne7 20. Bf4 Nf5 21. Rd3 Bd7 22. Rb1 a5 23. g4 Nxd4 24. Rxd4 Qc7 25. Qf3 Rac8 26. c4 dxc4 27. g5 hxg5 28. h6 Bc6 29. Qg4 gxh6 30. Bxg5 f5 31. exf6 hxg5 32. Qxg5+ Kf7 33. Qh5+ Kxf6 34. Qh4+ Kf7 35. Rf4+ Ke8 36. Rxf8+ Kxf8 37. Qh8+ Kf7 38. Qh7+ Kf6 39. Qh6+ Kf7 40. Qh7+ Kf6 41. Qh6+ Ke5 42. Qg5+ Kd6 43. Qg3+ Kd5 44. Qg5+ e5 45. Qd2+ Ke4 46. Qe3+ Kf5 47. Qh3+ Kg6 48. Qg4+ Kf7 49. Qf5+ Kg8 50. Qe6+ Kg7 51. Qg4+ Kh8 52. Qh3+ Kg8 53. Qe6+ Kg7 1/2-1/2

[Event "Malmo"]
[Site "?"]
[Date "1997.??.??"]
[Round "?"]
[White "Hellers, F."]
[Black "Hansen, Cu"]
[Result "1-0"]
[WhiteElo "2585"]
[BlackElo "2605"]
[PlyCount "49"]
[EventDate "1997.??.??"]
[Source "ChessBase"]
[SourceDate "1997.06.01"]

1. e4 e6 2. d4 d5 3. Nc3 Bb4 4. e5 c5 5. a3 Bxc3+ 6. bxc3 Qc7 7. Nf3 Ne7 8. a4 h6 9. Bd3 b6 10. O-O Ba6 11. Bxa6 Nxa6 12. Qd3 Nb8 13. Nh4 Nbc6 14. f4 O-O 15. Ba3 Na5 16. Rae1 Qc6 17. g4 Qxa4 18. Bc1 cxd4 19. f5 Rac8 20. Bxh6 gxh6 21. f6 Nec6 22. Qd2 Kh7 23. Rf5 dxc3 24. Qxh6+ Kxh6 25. Rh5# 1-0

[Event "Polanica Zdroj"]
[Site "?"]
[Date "1993.??.??"]
[Round "?"]
[White "Dolmatov, S."]
[Black "Hansen, L.Bo"]
[Result "1-0"]
[WhiteElo "2630"]
[BlackElo "2560"]
[PlyCount "115"]
[EventDate "1993.??.??"]
[Source "ChessBase"]
[SourceDate "1993.06.01"]

1. e4 e6 2. d4 d5 3. Nc3 Bb4 4. e5 Ne7 5. a3 Bxc3+ 6. bxc3 c5 7. Nf3 b6 8. Bb5+ Bd7 9. Bd3 Ba4 10. h4 h6 11. h5 c4 12. Be2 Kd7 13. O-O Qg8 14. g3 Qh7 15. Ra2 Na6 16. Nh4 Nc7 17. Bg4 Raf8 18. Bd2 Kc8 19. Rb2 Kb7 20. Kh2 Nc6 21. Ng2 Ka8 22. Ne3 Kb7 23. Bh3 f6 24. exf6 gxf6 25. Ng2 Rd8 26. Nh4 Rhe8 27. Re1 Qf7 28. Qg4 Rg8 29. Qf3 Rde8 30. Ng6 Rxg6 31. hxg6 Qxg6 32. Qg4 Bxc2 33. Qxg6 Bxg6 34. Bxh6 e5 35. Rd2 Nb5 36. Bg7 Nxc3 37. Bd7 Nxd4 38. Rxd4 Re7 39. Bxf6 Rxd7 40. Bxe5 Be4 41. g4 Re7 42. Rxc4 dxc4 43. Bxc3 Kc6 44. Kg3 Kd7 45. f4 Re6 46. f5 Rd6 47. Kf4 Bc2 48. Re2 Bd3 49. Rh2 Kc6 50. g5 Rd5 51. Rh6+ Kd7 52. Rf6 a5 53. g6 Ke7 54. Re6+ Kd7 55. Re5 Rxe5 56. Kxe5 Ke7 57. Bd4 Ke8 58. Bxb6 1-0

[Event "Novi Sad ol (Men)"]
[Site "Novi Sad YUG"]
[Date "1990.??.??"]
[Round "14"]
[White "Short, Nigel D"]
[Black "Nogueiras, Jesus"]
[Result "1/2-1/2"]
[WhiteElo "2635"]
[BlackElo "2555"]
[PlyCount "28"]
[EventDate "1990.11.??"]
[Source "www.chesslib.no"]
[SourceDate "2004.05.04"]

1. e4 e6 2. d4 d5 3. Nc3 Bb4 4. e5 c5 5. a3 Bxc3+ 6. bxc3 Ne7 7. h4 Qc7 8. Nf3 Bd7 9. h5 h6 10. Be2 Ba4 11. dxc5 Nd7 12. Rh4 Bc6 13. Bf4 Nxc5 14. Rg4 Ne4 1/2-1/2

[Event "Olimpiadi 2008 - open"]
[Site "Dresda GER"]
[Date "2008.11.14"]
[Round "2"]
[White "Gashimov, V."]
[Black "Petrik, T."]
[Result "1-0"]
[WhiteElo "2703"]
[BlackElo "2487"]
[PlyCount "97"]
[EventDate "2008.11.13"]
[Source "www.chesslib.no"]
[SourceDate "2004.05.04"]

1. e4 e6 2. d4 d5 3. Nc3 Bb4 4. e5 Ne7 5. a3 Bxc3+ 6. bxc3 c5 7. Nf3 Bd7 8. h4 Nbc6 9. Rb1 Qc7 10. h5 h6 11. Be2 f6 12. Bf4 O-O-O 13. O-O c4 14. Qc1 g5 15. hxg6 Nxg6 16. Bh2 fxe5 17. dxe5 Rdg8 18. Kh1 Nge7 19. Ng1 Be8 20. Nh3 h5 21. Nf4 Bf7 22. Re1 Qa5 23. Qb2 b6 24. a4 Ng6 25. Qa3 Nxf4 26. Bxf4 Qc5 27. Qxc5 bxc5 28. Rb5 Kc7 29. Bf3 a6 30. Rb2 Bg6 31. Bxd5 exd5 32. e6+ Kd8 33. Rb6 Ne7 34. Rb8+ Nc8 35. e7+ Kd7 36. e8=Q+ Rxe8 37. Rb7+ Kd8 38. Bc7+ Kd7 39. Be5+ Ke6 40. Bxh8+ Kd6 41. Rxe8 Bxe8 42. a5 Bd7 43. f4 Bf5 44. Be5+ Kc6 45. Rf7 Bd7 46. Rf6+ Kb5 47. f5 Kxa5 48. Rf7 Ba4 49. Rc7 1-0

[Event "San Diego USA"]
[Site "?"]
[Date "2006.03.05"]
[Round "3"]
[White "De Firmian Nick E"]
[Black "Ibragimov Ildar"]
[Result "1-0"]
[WhiteElo "2547"]
[BlackElo "2635"]
[PlyCount "77"]
[EventDate "2006.??.??"]
[Source "www.chesslib.no"]
[SourceDate "2004.05.04"]

1. e4 e6 2. d4 d5 3. Nc3 Bb4 4. e5 c5 5. a3 Bxc3+ 6. bxc3 Qc7 7. Nf3 Ne7 8. a4 h6 9. Bd3 b6 10. a5 bxa5 11. Ba3 c4 12. Be2 Nbc6 13. O-O O-O 14. Nh4 a6 15. f4 Na7 16. Qd2 Nb5 17. Bc5 Re8 18. g4 Ng6 19. Ng2 Bb7 20. Qe3 Rac8 21. Qg3 Qd8 22. Ba3 Nxa3 23. Rxa3 f6 24. exf6 Qxf6 25. g5 hxg5 26. fxg5 Qe7 27. Bh5 Rf8 28. Raa1 Nh8 29. Nf4 Rf5 30. h4 e5 31. Ng6 Rxf1+ 32. Rxf1 Nxg6 33. Bxg6 Rf8 34. Rxf8+ Qxf8 35. Qxe5 a4 36. Qe6+ Kh8 37. Qg4 Qd6 38. Qh5+ Kg8 39. Qh7+ 1-0

[Event "Deutschland"]
[Site "?"]
[Date "1993.??.??"]
[Round "?"]
[White "Chandler, M."]
[Black "Hertneck, G."]
[Result "1/2-1/2"]
[WhiteElo "2565"]
[BlackElo "2615"]
[PlyCount "96"]
[EventDate "1993.??.??"]
[Source "ChessBase"]
[SourceDate "1994.02.01"]

1. e4 e6 2. d4 d5 3. Nc3 Bb4 4. e5 Ne7 5. a3 Bxc3+ 6. bxc3 c5 7. a4 Qc7 8. Nf3 b6 9. Bb5+ Bd7 10. Bd3 Nbc6 11. O-O h6 12. Re1 O-O 13. Ba3 Na5 14. Nd2 Bxa4 15. dxc5 bxc5 16. Qg4 Bd7 17. Nf3 Rab8 18. Bc1 Kh8 19. Qh4 Ng8 20. Ng5 Bb5 21. Bh7 Nc4 22. Bf4 Rb6 23. Bd3 Qe7 24. Qh3 Nb2 25. Bxb5 Rxb5 26. Reb1 Rfb8 27. Qh5 R8b7 28. Bc1 g6 29. Qh3 Kg7 30. Nf3 Nc4 31. Rxb5 Rxb5 32. Qg4 Qb7 33. Qf4 Rb1 34. Rxb1 Qxb1 35. h4 Qxc2 36. g4 a5 37. h5 a4 38. g5 hxg5 39. h6+ Kf8 40. Nxg5 Nxh6 41. Nh7+ Ke7 42. Qxh6 Kd7 43. Bf4 a3 44. Qf8 a2 45. Nf6+ Kc6 46. Qe8+ Kb7 47. Qd7+ Kb6 48. Qd8+ Kb7 1/2-1/2

[Event "chT <Gol"]
[Site "chT Alushta <Gol"]
[Date "1995.??.??"]
[Round "?"]
[White "Golubev, Mihail"]
[Black "Vyzmanavin, Alexey B"]
[Result "1-0"]
[WhiteElo "2570"]
[BlackElo "2605"]
[PlyCount "24"]
[EventDate "1995.??.??"]
[Source "www.chesslib.no"]
[SourceDate "2004.05.04"]

1. e4 e6 2. d4 d5 3. Nc3 Bb4 4. e5 Ne7 5. a3 Bxc3+ 6. bxc3 c5 7. Nf3 Qc7 8. a4 Nbc6 9. Ba3 cxd4 10. cxd4 Qa5+ 11. Qd2 Qxd2+ 12. Kxd2 Bd7 1-0

[Event "Bundesliga 9495"]
[Site "Germany"]
[Date "1995.??.??"]
[Round "?"]
[White "Shirov, Alexei"]
[Black "Casper, Thomas"]
[Result "1/2-1/2"]
[WhiteElo "2740"]
[BlackElo "2435"]
[PlyCount "67"]
[EventDate "1994.10.??"]
[Source "ChessBase"]
[SourceDate "1999.07.01"]

1. e4 e6 2. d4 d5 3. Nc3 Bb4 4. e5 Ne7 5. a3 Bxc3+ 6. bxc3 c5 7. Nf3 b6 8. Bb5+ Bd7 9. Bd3 Ba4 10. h4 Qc7 11. h5 cxd4 12. Kf1 Qxc3 13. Rb1 h6 14. Bb2 Qc7 15. Nxd4 Nbc6 16. Rh4 Nxe5 17. Bb5+ Bxb5+ 18. Nxb5 Qb8 19. Qe2 N7c6 20. Re1 a6 21. Bxe5 Nxe5 22. Nd4 f6 23. f4 O-O 24. Kg1 Nc4 25. Qxe6+ Kh8 26. Qxd5 b5 27. Re7 Ra7 28. Nc6 Qb6+ 29. Kh2 Qf2 30. Rg4 Ne3 31. Rxe3 Qxe3 32. Rg3 Qb6 33. Nxa7 Qxa7 34. c4 1/2-1/2

[Event "Netanya"]
[Site "?"]
[Date "1971.??.??"]
[Round "?"]
[White "Kavalek, Lubomir"]
[Black "Geller, Efim P"]
[Result "1-0"]
[WhiteElo "2540"]
[BlackElo "2630"]
[PlyCount "55"]
[EventDate "1971.??.??"]
[Source "www.chesslib.no"]
[SourceDate "2004.05.04"]

1. e4 e6 2. d4 d5 3. Nc3 Bb4 4. e5 c5 5. a3 Bxc3+ 6. bxc3 Qc7 7. Nf3 Ne7 8. Be2 Bd7 9. a4 Nbc6 10. O-O Rc8 11. Re1 cxd4 12. cxd4 a5 13. c3 Na7 14. Ba3 Qxc3 15. Qb1 Qc2 16. Qxb7 Qc7 17. Reb1 Nac6 18. Bd6 Qxb7 19. Rxb7 Nd8 20. Rb6 Rc2 21. Bb5 Nc8 22. Rb8 Nxd6 23. exd6 f6 24. Kf1 Bxb5+ 25. axb5 Kd7 26. Rxa5 Kxd6 27. Raa8 Kd7 28. Ra7+ 1-0

[Event "Munich"]
[Site "Munich"]
[Date "1991.??.??"]
[Round "4"]
[White "Anand, Viswanathan"]
[Black "Hertneck, Gerald"]
[Result "0-1"]
[WhiteElo "2635"]
[BlackElo "2535"]
[PlyCount "92"]
[EventDate "1991.05.??"]
[Source "ChessBase"]

1. e4 e6 2. d4 d5 3. Nc3 Bb4 4. e5 Ne7 5. a3 Bxc3+ 6. bxc3 c5 7. Nf3 h6 8. a4 b6 9. a5 Bb7 10. Bb5+ Nd7 11. O-O O-O 12. Ba3 Rc8 13. axb6 axb6 14. Re1 Bc6 15. Bd3 Ra8 16. Nd2 Ra4 17. Bb2 Rxa1 18. Qxa1 Qa8 19. f4 Qa4 20. Qxa4 Bxa4 21. Ra1 b5 22. dxc5 Nxc5 23. Ba3 Rc8 24. Bxc5 Rxc5 25. Ra3 g5 26. fxg5 hxg5 27. Nf3 Nc6 28. h3 Kg7 29. Kf2 f6 30. Nd4 Kf7 31. exf6 Kxf6 32. Ke3 e5 33. Nxc6 Rxc6 34. Kd2 e4 35. Be2 Ke5 36. Ke3 Rxc3+ 37. Rxc3 d4+ 38. Kd2 dxc3+ 39. Kxc3 Kf4 40. Kd4 b4 41. Bd1 Bd7 42. Bh5 Bf5 43. Kc4 e3 44. Kxb4 g4 45. Kc3 Kg3 46. hxg4 e2 0-1

[Event "Tilburg"]
[Site "?"]
[Date "1992.??.??"]
[Round "?"]
[White "Dolmatov, S."]
[Black "Hertneck, G."]
[Result "1/2-1/2"]
[WhiteElo "2610"]
[BlackElo "2560"]
[PlyCount "160"]
[EventDate "1992.??.??"]
[Source "ChessBase"]
[SourceDate "1992.10.01"]

1. e4 e6 2. d4 d5 3. Nc3 Bb4 4. e5 Ne7 5. a3 Bxc3+ 6. bxc3 c5 7. h4 Qc7 8. Nf3 h6 9. h5 b6 10. Bb5+ Bd7 11. Bd3 Nbc6 12. O-O O-O 13. Be3 c4 14. Be2 f6 15. exf6 Rxf6 16. g3 Raf8 17. Nh4 Be8 18. Qd2 Nc8 19. Ng2 Nd6 20. Bf4 Qd8 21. Bg4 Ne4 22. Qe3 Kh7 23. f3 Ng5 24. Be5 R6f7 25. f4 Ne4 26. Bxe6 Re7 27. Bg4 Nf6 28. Bf5+ Kg8 29. Nh4 Bxh5 30. Ng6 Bxg6 31. Bxg6 Qd7 32. Qf3 Qe6 33. Rae1 Ng4 34. Bh5 Ngxe5 35. dxe5 Kh8 36. Qg2 Rd7 37. Kh2 Ne7 38. Qh3 Qxh3+ 39. Kxh3 g6 40. Bg4 Rc7 41. Rd1 Kg7 42. Be6 Rc5 43. g4 h5 44. gxh5 Rh8 45. Bg4 Ra5 46. Ra1 gxh5 47. Be6 Ng6 48. Rae1 Rxa3 49. Rf3 Rxc3 50. Rxc3 Nxf4+ 51. Kh2 Nxe6 52. Rf3 Re8 53. Rg1+ Kh6 54. Rf6+ Kh7 55. Rf5 Kh6 56. Kh3 Re7 57. Kh4 Ng7 58. Rf6+ Kh7 59. e6 Kg8 60. c3 a5 61. Kg5 Nxe6+ 62. Kh6+ Rg7 63. Rxg7+ Nxg7 64. Kg6 Ne8 65. Rxb6 h4 66. Rb5 Kf8 67. Rxd5 Ke7 68. Kf5 h3 69. Rxa5 h2 70. Ra7+ Kd8 71. Rh7 Nd6+ 72. Ke5 Nb5 73. Rxh2 Nxc3 74. Rb2 Na4 75. Rb4 Nc5 76. Kd6 Ne4+ 77. Kd5 Nf6+ 78. Ke6 Nd7 79. Kd6 Ke8 80. Rxc4 Nf8 1/2-1/2

[Event "SUI-chT 2003"]
[Site "SUI"]
[Date "2003.03.02"]
[Round "1.3"]
[White "King, Daniel"]
[Black "Pelletier, Yannick"]
[Result "0-1"]
[WhiteElo "2504"]
[BlackElo "2659"]
[PlyCount "84"]
[EventDate "2003.03.02"]
[Source "Roberto Alvarez"]
[SourceDate "2003.03.17"]

1. e4 e6 2. d4 d5 3. Nc3 Bb4 4. e5 Ne7 5. a3 Bxc3+ 6. bxc3 c5 7. Nf3 Bd7 8. Be2 Ba4 9. O-O Qc7 10. Ra2 Nd7 11. Re1 c4 12. Ng5 h6 13. Nh3 O-O-O 14. Nf4 Kb8 15. g3 Qa5 16. Bd2 Rc8 17. Bh5 g6 18. Bg4 Qd8 19. h4 Rc6 20. Rb2 Ra6 21. Qf3 Qf8 22. Ng2 Bc6 23. Ra1 Ka8 24. Rb4 Qg7 25. Qe2 g5 26. h5 Qh7 27. Ne3 Re8 28. Ra2 Nc8 29. Bf3 f6 30. exf6 Nxf6 31. Ng4 Nxg4 32. Bxg4 Nd6 33. Qe5 Ne4 34. Be1 Qf7 35. Be2 Nf6 36. g4 Nd7 37. Qc7 Qf8 38. f3 e5 39. dxe5 Rxe5 40. Kf1 Qe8 41. Bg3 Rxe2 42. Rab2 Rd2 0-1